Globalisation : (Record no. 22077)
[ view plain ]
| 000 -LEADER | |
|---|---|
| fixed length control field | 01333cam a22003375a 4500 |
| 001 - CONTROL NUMBER | |
| control field | 013085554 |
| 003 - CONTROL NUMBER IDENTIFIER | |
| control field | Uk |
| 005 - DATE AND TIME OF LATEST TRANSACTION | |
| control field | 20160731130739.0 |
| 008 - FIXED-LENGTH DATA ELEMENTS--GENERAL INFORMATION | |
| fixed length control field | 050908s2005 ii a frb 001 0 eng d |
| 015 ## - NATIONAL BIBLIOGRAPHY NUMBER | |
| National bibliography number | GBA504360 |
| Source | bnb |
| 016 7# - NATIONAL BIBLIOGRAPHIC AGENCY CONTROL NUMBER | |
| Record control number | 013085554 |
| Source | Uk |
| 020 ## - INTERNATIONAL STANDARD BOOK NUMBER | |
| International Standard Book Number | 0761933069 |
| 020 ## - INTERNATIONAL STANDARD BOOK NUMBER | |
| International Standard Book Number | 9780761933069 |
| 035 ## - SYSTEM CONTROL NUMBER | |
| System control number | (StEdNL)3778513 |
| 040 ## - CATALOGING SOURCE | |
| Original cataloging agency | StDuBDS |
| Language of cataloging | eng |
| Modifying agency | EG-ScBUE |
| 042 ## - AUTHENTICATION CODE | |
| Authentication code | ukscp |
| 082 04 - DEWEY DECIMAL CLASSIFICATION NUMBER | |
| Classification number | 337.54 |
| Edition number | 22 |
| Item number | DAS |
| 100 1# - MAIN ENTRY--PERSONAL NAME | |
| Personal name | Dasgupta, Biplab |
| 9 (RLIN) | 40552 |
| 245 10 - TITLE STATEMENT | |
| Title | Globalisation : |
| Remainder of title | India's adjustment experience / |
| Statement of responsibility, etc | Biplab Dasgupta. |
| 260 ## - PUBLICATION, DISTRIBUTION, ETC. (IMPRINT) | |
| Place of publication, distribution, etc | New Delhi : |
| Name of publisher, distributor, etc | Sage Publications India Pvt Ltd, |
| Date of publication, distribution, etc | 2005. |
| 300 ## - PHYSICAL DESCRIPTION | |
| Extent | 282 p. : |
| Other physical details | ill. ; |
| Dimensions | 23 cm. |
| 500 ## - GENERAL NOTE | |
| General note | Index ; p. 272-282. |
| 504 ## - BIBLIOGRAPHY, ETC. NOTE | |
| Bibliography, etc | Bibliography : p. 258-271. |
| 505 ## - FORMATTED CONTENTS NOTE | |
| Formatted contents note | Introduction -- Multilateral agencies -- Multinational companies --<br/>Patent policies -- Environment policies -- Agricultural reform --<br/>Industrial reform -- Monetary and banking reform -- Fiscal reform -- Trade reform -- Public sector reform -- Labour market reform. |
| 651 #7 - SUBJECT ADDED ENTRY--GEOGRAPHIC NAME | |
| Geographic name | India |
| General subdivision | Economic conditions |
| Chronological subdivision | 1947- |
| Source of heading or term | BUEsh |
| 9 (RLIN) | 12780 |
| 651 #7 - SUBJECT ADDED ENTRY--GEOGRAPHIC NAME | |
| Geographic name | India |
| General subdivision | Economic policy |
| Chronological subdivision | 1991- |
| Source of heading or term | BUEsh |
| 9 (RLIN) | 35866 |
| 651 #7 - SUBJECT ADDED ENTRY--GEOGRAPHIC NAME | |
| Geographic name | India |
| General subdivision | Politics and government |
| Chronological subdivision | 1977- |
| Source of heading or term | BUEsh |
| 9 (RLIN) | 35865 |
| 653 ## - INDEX TERM--UNCONTROLLED | |
| Resource For college | Law |
| Arrived date list | July2016 |
| 690 7# - LOCAL SUBJECT ADDED ENTRY--TOPICAL TERM (OCLC, RLIN) | |
| Topical term or geographic name as entry element | Management and Business Studies |
| Source of heading or term | blcoll |
| 942 ## - ADDED ENTRY ELEMENTS (KOHA) | |
| Source of classification or shelving scheme | Dewey Decimal Classification |
| Edition | 22 |
| Call number prefix | 337.54 DAS |
| Withdrawn status | Item status | Source of classification or shelving scheme | Damaged status | Not for loan | Home library | Current library | Shelving location | Date acquired | Source of acquisition | Cost, normal purchase price | Serial Enumeration / chronology | Total Checkouts | Total Renewals | Full call number | Barcode | Date last seen | Date last borrowed | Cost, replacement price | Koha item type |
|---|---|---|---|---|---|---|---|---|---|---|---|---|---|---|---|---|---|---|---|
| Dewey Decimal Classification | Central Library | Central Library | First floor | 31/07/2016 | Purchase | 225.00 | 26080 | 2 | 1 | 337.54 DAS | 000032956 | 15/07/2025 | 14/10/2017 | 281.25 | Book - Borrowing |